00376pab a2200145 454500008004000000100001800040245005400058260000900112300001000121362000900131650001400140700001500154700002300169773003800192180718b1983 xxu||||| |||| 00| 0 eng d aSandler, Todd aA theoritical analysis of transnational terrorism c1983 a36-54 aMar. aTerrorism aJon Cauley aJohn T. Tschirhart aAmerican Political Science Review